Unternehmensbegriff und Konzernverantwortlichkeit: die wirtschaftliche Einheit und ihre Rechtsträger als Adressaten unternehmensgerichteter Sanktionsregime im nationalen Bußgeldrecht

Saved in:
Bibliographic Details
Main Author: Schäfer, Maxi (Author)
Format: Book/Monograph Thesis
Language:German
Published: Hürth Carl Heymanns Verlag 2025
Series:Abhandlungen zum deutschen und europäischen Handels- und Wirtschaftsrecht 264
In: Abhandlungen zum deutschen und europäischen Handels- und Wirtschaftsrecht (264)

Subjects:
Online Access:Verlag, Inhaltstext: https://deposit.dnb.de/cgi-bin/dokserv?id=fd017ff7507342d3885d99da80e24194
Inhaltsverzeichnis: https://swbplus.bsz-bw.de/bsz1920008632inh.htm
Get full text
Author Notes:Maxi Schäfer

MARC

LEADER 00000cam a2200000 c 4500
001 1920008632
003 DE-627
005 20260430101410.0
007 tu
008 250318s2025 gw ||||| m 00| ||ger c
015 |a 25,N11  |2 dnb 
015 |a 25,N11  |2 dnb 
016 7 |a 1358868247  |2 DE-101 
020 |a 9783452303110  |q Hardcover : EUR 139.00 (DE), EUR 142.90 (AT)  |9 978-3-452-30311-0 
020 |a 345230311X  |9 3-452-30311-X 
024 3 |a 9783452303110 
035 |a (DE-627)1920008632 
035 |a (DE-599)DNB1358868247 
035 |a (OCoLC)1515316961 
040 |a DE-627  |b ger  |c DE-627  |e rda 
041 |a ger 
044 |c XA-DE-NW 
082 0 |a 346.43065  |q DE-101  |2 23/ger 
082 0 4 |a 340  |a 330  |q DE-101 
084 |a 19  |2 sdnb 
084 |a 17  |2 sdnb 
084 |a 19  |2 sdnb 
084 |a PE 760  |q DE-208  |2 rvk  |0 (DE-625)rvk/135556: 
084 |a PE 485  |q DE-208  |2 rvk  |0 (DE-625)rvk/135513: 
084 |a 86.29  |2 bkl 
084 |a 86.38  |2 bkl 
100 1 |a Schäfer, Maxi  |d 1990-  |e VerfasserIn  |0 (DE-588)1298459842  |0 (DE-627)1854438336  |4 aut 
245 1 0 |a Unternehmensbegriff und Konzernverantwortlichkeit  |b die wirtschaftliche Einheit und ihre Rechtsträger als Adressaten unternehmensgerichteter Sanktionsregime im nationalen Bußgeldrecht  |c Maxi Schäfer 
264 1 |a Hürth  |b Carl Heymanns Verlag  |c 2025 
300 |a XX, 441 Seiten 
336 |a Text  |b txt  |2 rdacontent 
337 |a ohne Hilfsmittel zu benutzen  |b n  |2 rdamedia 
338 |a Band  |b nc  |2 rdacarrier 
490 1 |a Abhandlungen zum deutschen und europäischen Handels- und Wirtschaftsrecht  |v 264 
502 |b Dissertation  |c Ruprecht-Karls-Universität Heidelberg  |d 2022 
650 4 |a Konzernangehöriges Unternehmen  |x Verantwortungszuschreibung 
650 4 |a Konzernhaftung 
655 7 |a Hochschulschrift  |0 (DE-588)4113937-9  |0 (DE-627)105825778  |0 (DE-576)209480580  |2 gnd-content 
689 0 0 |d g  |0 (DE-588)4011882-4  |0 (DE-627)104704861  |0 (DE-576)208896155  |a Deutschland  |2 gnd 
689 0 1 |d s  |0 (DE-588)4061963-1  |0 (DE-627)104665327  |0 (DE-576)209142006  |a Unternehmen  |2 gnd 
689 0 2 |d s  |0 (DE-588)4165229-0  |0 (DE-627)10544166X  |0 (DE-576)209893931  |a Konzernzugehörigkeit  |2 gnd 
689 0 3 |d s  |0 (DE-588)4163368-4  |0 (DE-627)105455318  |0 (DE-576)209880538  |a Kartellverstoß  |2 gnd 
689 0 4 |d s  |0 (DE-588)4043755-3  |0 (DE-627)106208519  |0 (DE-576)209057300  |a Ordnungswidrigkeit  |2 gnd 
689 0 5 |d s  |0 (DE-588)4190036-4  |0 (DE-627)105252700  |0 (DE-576)210063963  |a Wirtschaftliche Einheit  |2 gnd 
689 0 5 |d s  |0 (DE-588)4032356-0  |0 (DE-627)106262173  |0 (DE-576)208996486  |a Konzern  |2 gnd 
689 0 5 |d s  |0 (DE-588)4022898-8  |0 (DE-627)106306553  |0 (DE-576)208946306  |a Haftung  |2 gnd 
689 0 |5 DE-101 
710 2 |a Universität Heidelberg  |e Grad-verleihende Institution  |0 (DE-588)2024349-2  |0 (DE-627)102161488  |0 (DE-576)191769517  |4 dgg 
751 |a Heidelberg  |0 (DE-588)4023996-2  |0 (DE-627)106300814  |0 (DE-576)208952578  |4 uvp 
787 0 8 |i Zusammengefasst als  |a Schäfer, Maxi, 1990 -   |t Unternehmensbegriff und Konzernverantwortlichkeit  |d Heidelberg, 2023  |h 1 Online-Ressource (2 Seiten)  |w (DE-627)1854438581 
830 0 |a Abhandlungen zum deutschen und europäischen Handels- und Wirtschaftsrecht  |v 264  |9 264  |w (DE-627)130097047  |w (DE-576)015629708  |w (DE-600)501345-8  |x 0724-9810  |7 am 
856 4 2 |u https://deposit.dnb.de/cgi-bin/dokserv?id=fd017ff7507342d3885d99da80e24194  |m X:MVB  |q text/html  |x Verlag  |3 Inhaltstext  |7 1 
856 4 2 |u https://swbplus.bsz-bw.de/bsz1920008632inh.htm  |m V:DE-576  |m B:DE-B212  |v 20250613193347  |3 Inhaltsverzeichnis  |7 1 
936 r v |a PE 760  |b Einzeldarstellungen  |k Rechtswissenschaft  |k Handelsrecht, Gesellschafts- und Unternehmensrecht sowie sonstiges privates Wirtschaftsrecht  |k Wettbewerbsrecht  |k Kartellrecht, Gesetz gegen Wettbewerbsbeschränkungen (BF Kartellgesetz)  |k Einzeldarstellungen  |0 (DE-627)1271233673  |0 (DE-625)rvk/135556:  |0 (DE-576)201233673 
936 r v |a PE 485  |b Sonstige Einzeldarstellungen  |k Rechtswissenschaft  |k Handelsrecht, Gesellschafts- und Unternehmensrecht sowie sonstiges privates Wirtschaftsrecht  |k Gesellschafts- und Unternehmensrecht  |k Recht der verbundenen Unternehmen; Konzernrecht  |k Sonstige Einzeldarstellungen  |0 (DE-627)1271237989  |0 (DE-625)rvk/135513:  |0 (DE-576)201237989 
936 b k |a 86.29  |j Wettbewerbsrecht  |j Kartellrecht  |0 (DE-627)10642257X 
936 b k |a 86.38  |j Nebenstrafrecht  |0 (DE-627)106412752 
951 |a BO 
990 |a Haftung 
990 |a Konzern 
990 |a Wirtschaftliche Einheit 
990 |a Ordnungswidrigkeit 
990 |a Kartellverstoß 
990 |a Konzernzugehörigkeit 
990 |a Unternehmen 
990 |a Deutschland 
992 |a 20250528 
993 |a Book 
994 |a 2025 
998 |g 1298459842  |a Schäfer, Maxi  |m 1298459842:Schäfer, Maxi  |d 20000  |e 20000PS1298459842  |k 0/20000/  |p 1  |x j  |y j 
999 |a KXP-PPN1920008632  |e 4728735842 
BIB |a Y 
JSO |a {"noteThesis":["Dissertation. - Ruprecht-Karls-Universität Heidelberg. - 2022"],"origin":[{"publisher":"Carl Heymanns Verlag","dateIssuedKey":"2025","dateIssuedDisp":"2025","publisherPlace":"Hürth"}],"person":[{"family":"Schäfer","given":"Maxi","display":"Schäfer, Maxi","role":"aut"}],"physDesc":[{"extent":"XX, 441 Seiten"}],"id":{"eki":["1920008632"],"isbn":["9783452303110","345230311X"]},"recId":"1920008632","corporate":[{"display":"Universität Heidelberg","role":"dgg"}],"title":[{"subtitle":"die wirtschaftliche Einheit und ihre Rechtsträger als Adressaten unternehmensgerichteter Sanktionsregime im nationalen Bußgeldrecht","title":"Unternehmensbegriff und Konzernverantwortlichkeit","title_sort":"Unternehmensbegriff und Konzernverantwortlichkeit"}],"type":{"bibl":"thesis"},"relMultPart":[{"dispAlt":"Abhandlungen zum deutschen und europäischen Handels- und Wirtschaftsrecht","titleAlt":[{"title":"AHW"}],"recId":"130097047","language":["ger"],"id":{"zdb":["501345-8"],"eki":["130097047"],"issn":["0724-9810"]},"type":{"bibl":"serial"},"part":{"number_sort":["264"],"number":["264"]},"person":[{"given":"Marc-Philippe","family":"Weller","role":"edt","display":"Weller, Marc-Philippe"},{"display":"Hommelhoff, Peter","role":"edt","family":"Hommelhoff","given":"Peter"}],"title":[{"subtitle":"AHW","title_sort":"Abhandlungen zum deutschen und europäischen Handels- und Wirtschaftsrecht","title":"Abhandlungen zum deutschen und europäischen Handels- und Wirtschaftsrecht"}],"origin":[{"dateIssuedKey":"1970","publisher":"Carl Heymanns Verlag ; Heymanns ; Heymanns ; Heymanns ; Carl Heymanns Verlag","dateIssuedDisp":"1970-","publisherPlace":"Hürth ; Köln ; Berlin ; Bonn ; München ; Köln ; Berlin ; München ; Köln ; München ; Köln"}],"pubHistory":["1.1970 -"],"disp":"Abhandlungen zum deutschen und europäischen Handels- und Wirtschaftsrecht"}],"language":["ger"],"name":{"displayForm":["Maxi Schäfer"]}} 
SRT |a SCHAEFERMAUNTERNEHME2025